| 000 | 00660aam a2200253 4500 | ||
|---|---|---|---|
| 005 | 20240626121401.0 | ||
| 008 | 150227b xxu||||| |||| 00| 0 ES d | ||
| 020 | _a9968314323 | ||
| 041 | _aESP | ||
| 082 | _a780.972.86 M742r | ||
| 100 |
_aMonestel Ramírez, Manuel _929213 |
||
| 245 | _aRitmo, canción e identidad: una historia sociocultural del calipso limonense | ||
| 260 | _aCosta Rica | ||
| 260 | _bEUNED | ||
| 260 | _c2005 | ||
| 300 | _a176 páginas | ||
| 650 | _aMÚSICA POPULAR | ||
| 650 | _aCARIBE | ||
| 650 | _aREGIÓN HISTÓRICA | ||
| 650 | _aIDENTIDAD POPULAR | ||
| 650 | _aMÚSICA FOLCLÓRICA | ||
| 942 |
_cBK _2ddc |
||
| 999 |
_c3464 _d3464 |
||